000 00807cam a22002653a 4500
001 45198
003 PGUSA
005 20140828084032.0
008 140324s2014||||xxu|||||s|||||000 | eng d
040 _aPGUSA
_beng
042 _adc
245 1 0 _aTales of Our Coast
_h[electronic resource]
260 _bProject Gutenberg,
_c2014
506 _aPublic domain in the USA.
516 _aElectronic text
700 1 _aRussell, William Clark,
_d1844-1911
700 1 _aBrangwyn, Frank,
_d1867-1956
700 1 _aCrockett, S. R.
_q(Samuel Rutherford),
_d1860-1914
700 1 _aFrederic, Harold,
_d1856-1898
700 1 _aParker, Gilbert,
_d1862-1932
700 1 _aQuiller-Couch, Arthur,
_d1863-1944
830 0 _aProject Gutenberg
_v45198
856 4 0 _uhttp://www.gutenberg.org/ebooks/45198
942 _cEB
999 _c274449
_d274449